Statistics for Guess the Fragrance Chairman

Click here to take the quiz!

General Stats

  • This quiz has been taken 50 times
  • The average score is 8 of 17

Answer Stats

HintAnswer% Correct
ErosGianni Versace
98%
SauvageChristian Ernest Dior
95%
Le MaleJean Paul Gaultier
90%
Bleu de ChanelGabrielle Chanel
74%
Acqua di GioGiorgio Armani
74%
Oud WoodTom Ford
74%
The Most WantedLoris Azzaro
69%
Light Blue Eau IntenseDomenico Dolce
64%
1 MillionPaco Rabanne
57%
Polo BlackRalph Lauren
50%
Light Blue Eau IntenseStefano Gabanna
31%
Nautica VoyageDavid Chu
2%
HawasAbdul Razzak Kalsekar
0%
Another 13Eddie Roschi
0%
Another 13Fabrice Penot
0%
9PMImran Fazlani
0%
GreenleyJulien Sprecher
0%

Score Distribution

Percentile by Number Answered

Percent of People with Each Score

Your Score History

You have not taken this quiz